03786nab a2200301 i 4500003000900000005001700009008004100026040001800067072001400085100002700099100003000126100003100156100003100187100003100218245009100249500006500340520129800405520139901703650001203102650002403114650001303138650001803151650003003169773018003199856007803379942000803457999001903465BR-BrBNA20251223100813.0251223b2021 bl.|r|pooa||| 00| 0 eng | aBR-BrBNAbeng aF02b0920 aAyub, Ricardo Antonio  aPereira, André Belmont  aSantos, Jessé Neves dos  aSilva, Daurimar Mendes da  aPessenti, Isabela Leticia  aSucrose concentration and blueberry plant density in temporary immersion systems (TIS) aPublicação online; 30 ref.; 8 illus.; Summaries (En, Pt) a Abstract- The aim was to determine the ideal concentration of sucrose along with the number of plants per container in the face of micropropagation of blueberry under TIS. In the experiment conducted with sucrose concentration (0, 10, 20, e 30 g L-1), we utilized a WPM medium, taking into account 30 explants per container. For the experiment dealing with blueberry plant density, the same medium with 20 g L-1 of sucrose in conjunction with 30, 40, 50 and 60 explants per container was used. After 90 days from the installation of the trial, the following response variables were assessed herein: total length of the plant, number of shoots, length of the largest shoot, number of hyperhydric shoots, length of hyperhydric shoots, and number of healthy leaves. Under a sucrose concentration corresponding to 20 g L-1 the best possible results were obtained. Survival rates of 22 and 80% under the influence of both 10 and 20 g L-1 treatments were reported, pointing out that plants exposed to 20 g L-1 treatment were more amenable to acclimatization. Thus, for the micropropagation of blueberry under TIS the use of 20 g L-1 sucrose and 60 plants/container comes to being highly recommended to increase yield. Index Terms: Vaccinium ashei Reade; Bioreactor, Micropropagation. a Resumo - O objetivo desta pesquisa foi determinar a concentração ideal de sacarose, juntamente com o número de plantas por recipiente, em face da micropropagação de mirtilo sob TIS. No experimento realizado com concentração de sacarose (0; 10; 20, e 30 g L-1), foi utilizado um meio Woody Plant Medium (WPM), levando-se em consideração 30 explantes por recipiente. Para o experimento de densidade de plantas de mirtilo, foi utilizado o mesmo meio, com 20 g L-1 de sacarose, em conjunto com 30; 40; 50 e 60 explantes por recipiente. Após 90 dias da instalação do ensaio, as seguintes variáveis de resposta foram avaliadas aqui: comprimento total da planta, número de brotos, comprimento da maior brotação, número de brotos hiperídricos, comprimento de brotos hiperídricos e número de folhas saudáveis. Foram relatadas taxas de sobrevivência de 22 e 80% sob a influência dos tratamentos com 10 e 20 g L-1, apontando que as plantas expostas ao tratamento com 20 g L-1 foram mais receptivas à climatização. Assim, a micropropagação de mirtilo sob TIS, 20 g L-1 de sacarose e 60 plantas / recipiente passa a ser altamente recomendada para aumentar a produtividade e também para melhorar a qualidade dos frutos, em pomares em escala comercial. Termos para indexação: Vaccinium ashei Reade; Biorreator, Micropropagação aMIRTILO aMICROPROPAGAÇÃO aSACAROSE aPRODUTIVIDADE aPROPAGAÇÃO VEGETATIVA0 08059317053dJaboticabal-SP Sociedade Brasileira de Fruticultura 1978o2024-3615tRevista Brasileira de Fruticultura (Brazil)x0100-2945gv. 43(4) p. 1-9; (2021)wBR2025004815 uhttps://www.scielo.br/j/rbf/a/j6jGFMnpdzMBQ9Sd8Q8NLBC/?format=pdf&lang=en cANA c339553d339553